00950 2200241 4500001002100000005001500021035002000036245010300056100001600159250001700175300003200192700002600224700001300250260003100263082001000294084001600304020002200320650001800342520026600360500002500626008004100651990001600692INLIS00000000000015420240604092351 a0010-05240000761 aMengapa Ekor Cecak Yang Putus Masih Dapat Bergerak /cFaisol Anam, Tiara Dwi Andarastuti, Hartanto0 aFaisol Anam acetakan ke-1 avi, 26 hlm :bilus ;c25 cm0 aTiara Dwi Andarastuti0 aHartanto aSolo :bTiga Ananda,c2019 a597.9 a597.9 FAI m a978-623-206-163-7 4aNonfiksi Anak a“Mengapa ekor cecak masih dapat bergerak-gerak, padahal sudah terputus dari badannya? Tentu kalian heran dan penasaran. Yuk, kita lihat bagaimana hal tersebut dapat terjadi. Dalam buku ini banyak yang dapat kita ketahui tentang cecak. Selamat membaca, ya!” aSeri Cari Tahu, Yuk!240604 0  a00000000547